| Tag |
First Indicator |
Second Indicator |
Subfields |
| LEADER |
00000cam a2200000 4500 |
| 001 |
in00000062856 |
| 005 |
20151008050637.0 |
| 008 |
720321s1934 nyu b 00000 eng u |
| 010 |
|
|
|a 34001104
|
| 035 |
|
|
|a (OCoLC)00268324
|
| 035 |
|
|
|9 AAG2346AM
|
| 040 |
|
|
|c WSU
|d TXA
|d UtOrBLW
|
| 049 |
|
|
|a TXAM
|c [110453]
|
| 050 |
|
0 |
|a DS706
|b .C75
|
| 092 |
|
|
|a 330.951
|b C922c
|
| 100 |
1 |
|
|a Cressey, George Babcock,
|d 1896-1963.
|
| 245 |
1 |
0 |
|a China's geographic foundations :
|b a survey of the land and its people /
|c by George Babcock Cressey ...
|
| 250 |
|
|
|a 1st ed.
|
| 264 |
|
1 |
|a New York,
|a London :
|b McGraw-Hill Book company, inc.;
|a Shanghai, China :
|b United book & stationery co.; [etc.,etc.],
|c 1934.
|
| 300 |
|
|
|a xvii, 436 pages
|
| 336 |
|
|
|a text
|b txt
|2 rdacontent
|
| 337 |
|
|
|a unmediated
|b n
|2 rdamedia
|
| 338 |
|
|
|a volume
|b nc
|2 rdacarrier
|
| 504 |
|
|
|a Bibliography: pages 395-423.
|
| 650 |
|
0 |
|a Physical geography
|z China.
|
| 651 |
|
0 |
|a China
|x Economic conditions
|y 1918-
|
| 651 |
|
0 |
|a China
|x Description and travel.
|
| 999 |
|
|
|a MARS
|
| 999 |
f |
f |
|s d826308c-1f0b-365d-801c-201e47c39e26
|i 3023b350-c5fa-3e90-92c8-5a7d1d6078b4
|t 0
|
| 952 |
f |
f |
|p ric
|a Texas A&M University
|b Rellis Campus
|c Joint Library Facility
|d Remote Storage
|t 0
|e DS706 .C75
|h Library of Congress classification
|i unmediated -- volume
|m A14800703833
|
| 998 |
f |
f |
|a DS706 .C75
|t 0
|l Remote Storage
|